Elenca la formazione - Quiz n°17 - Statistics

Statistiche generali
  • Questo quiz è stato fatto 121 volte
  • Il punteggio medio è 5 su 11
Statistiche sulle risposte
Ruolo Nazione Calciatore % Corretto
Attaccante Gabon Pierre-Emerick Aubameyang
98%
Attaccante Stati Uniti Christian Pulisic
90%
Portiere Svizzera Roman Bürki
70%
Attaccante Francia Ousmane Dembélé
67%
Difensore Polonia Łukasz Piszczek
52%
Centrocampista Turchia Nuri Şahin
49%
Difensore Grecia Sōkratīs Papastathopoulos
46%
Difensore Spagna Marc Bartra
41%
Difensore Francia Dan-Axel Zagadou
13%
Centrocampista Germania Mahmoud Dahoud
10%
Centrocampista Germania Gonzalo Castro
8%
Nessun quiz corrispondente trovato
Distribuzione punteggi
Percentuale di utenti per punteggio
Percentile per numero di risposta
I tuoi punteggi nel tempo
Non hai fatto questo quiz